[Event "Oberliga Ost-A 1920"]
[Site "Germany"]
[Date "2019.11.17"]
[Round "3.8"]
[White "Graf, Lucas"]
[Black "Rudolf, Henning"]
[Result "1-0"]
[WhiteElo "1876"]
[BlackElo "1939"]
[PlyCount "83"]
[EventDate "2019.09.29"]
[EventType "team-tourn"]
[EventRounds "11"]
[EventCountry "GER"]
[SourceTitle "EXT 2021"]
[Source "ChessBase"]
[SourceDate "2020.10.23"]
[SourceVersion "1"]
[SourceVersionDate "2020.10.23"]
[SourceQuality "1"]
[WhiteTeam "Plauen Koenig II"]
[BlackTeam "Sangerhausen"]
[WhiteTeamCountry "GER"]
[BlackTeamCountry "GER"]

1. e4 e6 2. d3 d5 3. Nd2 Be7 4. Ngf3 c5 5. g3 Nc6 6. Bg2 Nf6 7. 0-0 Qc7 8. Re1 0-0 9. e5 Nd7 10. Qe2 Nd4 11. Nxd4 cxd4 12. Nf3 Bc5 13. a3 a5 14. h4 b5 15. Bf4 b4 16. Nh2 bxa3 17. bxa3 Be7 18. Ng4 Kh8 19. h5 Ba6 20. Bxd5 exd5 21. e6 Bd6 22. exd7 Bxf4 23. Qe8 Rd8 24. gxf4 Qxd7 25. Qxd7 Rxd7 26. Ne5 Rc7 27. Re2 Rfc8 28. Ra2 Re7 29. Ng6+ fxg6 30. Rxe7 gxh5 31. Re5 Bb7 32. Rb2 Bc6 33. Rxh5 h6 34. Re5 Rf8 35. f5 Kh7 36. Kg2 Ba4 37. Kg3 Rd8 38. Kf4 Rd7 39. Kf3 Rc7 40. Ke2 Rc5 41. Kd2 Bd7 42. f6 1-0

[Event "Oberliga Ost-B 1718"]
[Site "Germany"]
[Date "2018.04.14"]
[Round "10.7"]
[White "Rudolf, Henning"]
[Black "Olesiak, Marcin"]
[Result "1/2-1/2"]
[WhiteElo "1864"]
[BlackElo "2076"]
[PlyCount "49"]
[EventDate "2017.10.22"]
[EventType "team-tourn"]
[EventRounds "11"]
[EventCountry "GER"]
[SourceTitle "EXT 2019"]
[Source "ChessBase"]
[SourceDate "2018.10.10"]
[SourceVersion "1"]
[SourceVersionDate "2018.10.10"]
[SourceQuality "1"]
[WhiteTeam "Sangerhausen"]
[BlackTeam "Oberursel"]
[WhiteTeamCountry "GER"]
[BlackTeamCountry "GER"]

1. e4 c5 2. Nf3 d6 3. Bb5+ Bd7 4. Bxd7+ Nxd7 5. 0-0 Ngf6 6. d3 e6 7. h3 Be7 8. Bf4 0-0 9. Nbd2 a6 10. a4 b5 11. axb5 axb5 12. e5 Nd5 13. Bg3 dxe5 14. Nxe5 Nxe5 15. Bxe5 Bf6 16. Rxa8 Qxa8 17. Bxf6 Nxf6 18. Nb3 Qd5 19. Qe2 Ra8 20. c4 bxc4 21. dxc4 Qe4 22. Qxe4 Nxe4 23. Rd1 Rb8 24. f3 g6 25. Rd3 1/2-1/2

[Event "Oberliga Ost-B 1718"]
[Site "Germany"]
[Date "2017.10.22"]
[Round "1.8"]
[White "Rudolf, Henning"]
[Black "Cherny, Andrey"]
[Result "1-0"]
[WhiteElo "1864"]
[BlackElo "2179"]
[PlyCount "85"]
[EventDate "2017.10.22"]
[EventType "team-tourn"]
[EventRounds "11"]
[EventCountry "GER"]
[SourceTitle "EXT 2019"]
[Source "ChessBase"]
[SourceDate "2018.10.10"]
[SourceVersion "1"]
[SourceVersionDate "2018.10.10"]
[SourceQuality "1"]
[WhiteTeam "Sangerhausen"]
[BlackTeam "Kassel"]
[WhiteTeamCountry "GER"]
[BlackTeamCountry "GER"]

1. e4 d5 2. exd5 Qxd5 3. Nc3 Qd8 4. d4 Nf6 5. Bg5 e6 6. Nf3 Bb4 7. a3 Bxc3+ 8. bxc3 Nbd7 9. Bd3 c5 10. 0-0 Qa5 11. Bd2 0-0 12. Re1 Qa4 13. Ne5 b6 14. Nxd7 Bxd7 15. Bg5 Nd5 16. c4 Nc7 17. Qh5 f5 18. dxc5 Na6 19. cxb6 axb6 20. Re3 Be8 21. Qf3 Bc6 22. Qh5 Be8 23. Qh4 Bf7 24. Rh3 Bg6 25. Be7 e5 26. Bxf8 Rxf8 27. Qe7 Re8 28. Qd6 e4 29. Bf1 Nc5 30. Qxb6 Nd7 31. Qb5 Qa7 32. Rd1 Ne5 33. Qd5+ Bf7 34. Qd4 Qe7 35. Be2 Qf6 36. Qd6 Be6 37. Rb3 f4 38. Rb8 Rxb8 39. Qxb8+ Kf7 40. Qb7+ Kf8 41. Qxe4 h6 42. Re1 Bd7 43. Bh5 1-0